Michail Borisovič Chrapčenko: Tvorivá individuálnosť spisovateľa a vývin literatúry

Bibliographic Details
Main Author: Bagin, Albín, 1939-1982 (Author)
Format: Article
Language:Slovak
Subjects:

MARC

LEADER 00000nab a2200000uu 4500
001 vtls011514286
003 SK-MaSNL
005 20260303181032.0
008 230704|1976 xo |||||||||||||||||slo|
015 |a SNBRB 
035 |a (urnnbn)urn:nbn:sk:snk:ar-001g7p 
035 |a (uuid)1ec36e6c-613e-48a3-945e-ed7a328c007c 
035 |a urn:nbn:sk:snk-abe46y 
040 |a SNKBUCL  |b slo  |c SNKBUCL  |e AACR2 
041 0 |a slo 
044 |a xo  |c SK 
100 1 |a Bagin, Albín,  |d 1939-1982  |4 aut  |9 5148 
245 1 0 |a Michail Borisovič Chrapčenko: Tvorivá individuálnosť spisovateľa a vývin literatúry  |c Albín Bagin 
655 7 |a recenzie  |2 SNKPH  |9 21907 
773 0 |t Slovenské pohľady  |g Roč. 92, č. 7 (1976), s. 146-149 
850 |a Slovenská národná knižnica 
852 |a Slovenská národná knižnica 
954 |a odborná, vedecká literatúra pôvodná (slovenská)  |2 lita 
958 |a OND 
958 |a EUIPO 
958 |a article21 
999 |c 2108572  |d 2110502